000 00522nam a2200181Ia 4500
003 GCL
008 140319s9999 xx 000 0 eng d
040 _aGCL /
_cGCL
082 0 4 _a628.42
_bL G
100 1 _aLESAGE, SUZANNE
245 1 0 _aGROUNDWATER CONTAMINATION AND ANALYSIS AT HAZORDOUS WASTE SITES /
_cLESAGE, SUZANNE
700 1 _aJACKSON, RICHARD L.
260 _a[S.N] :
_bMARCEL DEKKER, INC ،
_c1992
300 _a545 P
650 0 4 _aENVIRONMENTAL ASPECTS
650 0 4 _aWATER UNDERGROUND
942 _2ddc
_cBK
999 _c15194
_d15194